Statistics for Real Madrid scorers in Liga 2017-2018

Click here to take the quiz!

General Stats

  • This quiz has been taken 218 times
  • The average score is 12 of 15

Answer Stats

PlayerGoals% Correct
Cristiano Ronaldo18
100%
Gareth Bale8
98%
Karim Benzema4
98%
Luka Modric1
98%
Sergio Ramos2
97%
Toni Kroos4
96%
Casemiro3
91%
Marcelo2
91%
Marco Asensio6
90%
Isco5
88%
Lucas Vazquez2
67%
Nacho Fernandez3
63%
Dani Ceballos2
37%
Borja Mayoral1
34%
Achraf Hakimi1
27%

Score Distribution

Percentile by Number Answered

Percent of People with Each Score

Your Score History

You have not taken this quiz